00381nam a2200121Ia 4500008004000000020001800040082001600058100001700074245007700091260005000168300001100218650003000229210210b2002 xxu||||| |||| 00| 0 eng d a81 7022 940 5 a378.54 POWI aPOWAR (K B). aIndian higher education a conglomerate of concepts, facts and practices. aNew Delhi.bConcept Publishing Company.c2002 axi,296 aIndian Higher Education